Chargement en cours...
Kalivakkum chila thalappizhakalum /
| Auteur principal: | |
|---|---|
| Format: | Printed Book |
| Langue: | Malayalam |
| Publié: |
Calicut :
Shikha Grandhavedi ,
2009.
|
| Sujets: |
| LEADER | 00539nam a2200157Ia 4500 | ||
|---|---|---|---|
| 008 | 150624b xxu||||| |||| 00| p mal d | ||
| 999 | |c 86911 |d 86911 | ||
| 082 | |a 851.65R2 | ||
| 100 | |a Rajesh Monji | ||
| 245 | |c Rajesh Monji |a Kalivakkum chila thalappizhakalum / | ||
| 260 | |a Calicut : |b Shikha Grandhavedi , |c 2009. | ||
| 300 | |a 94 p. |c 21cm. | ||
| 546 | |a In Malayalam. | ||
| 650 | |v malayalam poetry | ||
| 942 | |c BK | ||
| 952 | |0 0 |1 0 |4 0 |6 851_000000000000000_65R2_KAL_M |7 0 |9 86855 |a UL |b UL |c ST1 |d 2012-10-27 |l 1 |o 851.65R2 KAL M |p G9739 |r 2016-01-08 |s 2015-12-16 |y BK | ||